000 01404nam a2200337 a 4500
001 ebr10714981
003 CaPaEBR
006 m o u
007 cr cn|||||||||
008 130220s2013 cau sb 001 0 eng d
010 _z 2013004765
020 _z9781611321234 (hardback : alk. paper)
020 _z9781611321258 (e-book)
040 _aCaPaEBR
_cCaPaEBR
035 _a(OCoLC)844924528
050 1 4 _aHV689
_b.D385 2013eb
082 0 4 _a362.2083
_223
100 1 _aDavis, Christine S.
245 1 0 _aCommunicating hope
_h[electronic resource] :
_ban ethnography of a children's mental health care team /
_cChristine S. Davis.
260 _aWalnut Creek, Calif. :
_bLeft Coast Press, Inc.,
_c2013.
300 _a241 p.
504 _aIncludes bibliographical references and index.
533 _aElectronic reproduction.
_bPalo Alto, Calif. :
_cebrary,
_d2013.
_nAvailable via World Wide Web.
_nAccess may be limited to ebrary affiliated libraries.
650 0 _aPsychiatric social work
_vCase studies.
650 0 _aMentally ill children
_xServices for
_vCase studies.
650 0 _aSocial work with children
_vCase studies.
650 0 _aChild mental health services
_vCase studies.
655 7 _aElectronic books.
_2local
710 2 _aebrary, Inc.
856 4 0 _uhttp://site.ebrary.com/lib/rucke/Doc?id=10714981
_zAn electronic book accessible through the World Wide Web; click to view
999 _c1109
_d1109